000
00310nam a22001337a 4500
003
SGT
020
_a
0-19-806109-9
082
_a
648
_b
RAG
100
_a
RAGHUBALAN, G.
245
_a
HOTEL HOUSEKEEPING OPERATIONS AND MANAGEMENT
260
_a
NEW YOURK
_b
OXFOARD
_c
2010
300
_a
732
942
_2
ddc
_c
BK
_0
18
999
_c
22731
_d
22731